Artistes et groupes tous genres - Statistiques

Statistiques générales
  • Ce quiz a été pris 71 fois
    65 depuis la dernière actualisation
  • Le résultat moyen est 64 sur 340
Statistiques - réponses
Réponse % Correct
A-ha
69%
Taylor Swift
69%
BEYONCE
67%
Rihanna
67%
Elton John
61%
Michael Jackson
61%
The Rolling Stones
59%
Lady Gaga
57%
Shakira
57%
Adele
56%
Céline Dion
56%
Eminem
56%
Harry Styles
56%
Janet Jackson
56%
Queen
56%
The Beatles
56%
Britney Spears
54%
Drake
54%
Katy Perry
54%
Ariana Grande
52%
Justin Bieber
50%
One Direction
50%
P!nk
50%
Kanye West
48%
Madonna
48%
The Weeknd
48%
ABBA
46%
Dua Lipa
46%
Lana Del Rey
46%
Selena Gomez
46%
2pac
44%
AC/DC
44%
Billie Eilish
44%
David Guetta
44%
Nicki Minaj
44%
Cardi B
43%
Daft Punk
43%
Elvis Presley
43%
George Michael
43%
Justin Timberlake
43%
Nirvana
43%
BTS
41%
Jay-Z
41%
Pink Floyd
41%
Angèle
39%
Maroon 5
39%
Sia
39%
50 Cent
37%
Mariah Carey
37%
Miley Cyrus
37%
Bruno Mars
35%
Jennifer Lopez
35%
Travis Scott
35%
U2
35%
Coldplay
33%
David Bowie
33%
Imagine Dragons
33%
Pharrell Williams
33%
Prince
33%
Avicii
31%
Camila Cabello
31%
Chris Brown
31%
Snoop Dogg
31%
Black Pink
30%
Calvin Harris
30%
Charlie Puth
30%
DJ Snake
30%
Doja Cat
30%
Dr. Dre
30%
Edith Piaf
30%
Ed Sheeran
30%
Frank Sinatra
30%
John Lennon
30%
Ray Charles
30%
Ricky Martin
30%
Whitney Houston
30%
Bad Bunny
28%
B.o.B
28%
Metallica
28%
Olivia Rodrigo
28%
Phil Collins
28%
Pitbull
28%
Shawn Mendes
28%
Spice Girls
28%
Wiz Khalifa
28%
Aretha Franklin
26%
Jessie J
26%
Kesha
26%
Lil Nas X
26%
ROSALIA
26%
Sam Smith
26%
Stevie Wonder
26%
Stromae
26%
Tina Turner
26%
XXXTentacion
26%
Bob Dylan
24%
Christina Aguilera
24%
Cyndi Lauper
24%
Demi Lovato
24%
Kendrick Lamar
24%
Led Zeppelin
24%
Red Hot Chili Peppers
24%
Robbie Williams
24%
The Who
24%
Twenty One Pilots
24%
Diana Ross
22%
Iggy Pop
22%
Jackson 5
22%
Jonas Brothers
22%
Lil Wayne
22%
Louis Armstrong
22%
Radiohead
22%
Sean Paul
22%
SZA
22%
ZAYN
22%
Alicia Keys
20%
Arctic Monkeys
20%
Avril Lavigne
20%
DJ Khaled
20%
Freddie Mercury
20%
Jorja Smith
20%
Linkin Park
20%
Marvin Gaye
20%
Muse
20%
Noah Cyrus
20%
Oasis
20%
OneRepublic
20%
Paul McCartney
20%
Post Malone
20%
PSY
20%
The Doors
20%
The Police
20%
Ava Max
19%
Bee Gees
19%
Dolly Parton
19%
Donna Summer
19%
Fergie
19%
Green Day
19%
Guns N' Roses
19%
Jimi Hendrix
19%
John Legend
19%
Kiss
19%
Lil Peep
19%
Mac Miller
19%
MIKA
19%
The Cure
19%
Zara Larsson
19%
ASAP Rocky
17%
Bebe Rexha
17%
Black Sabbath
17%
Blondie
17%
Cher
17%
Cigarettes After Sex
17%
Gwen Stefani
17%
Lizzo
17%
Maneskin
17%
Meghan Trainor
17%
Aerosmith
15%
Backstreet Boys
15%
Carly Rae Jepsen
15%
Enrique Iglesias
15%
Fifth Harmony
15%
Future
15%
Gorillaz
15%
Iggy Azalea
15%
Jason Derulo
15%
Kate Bush
15%
Liam Payne
15%
Sabrina Carpenter
15%
The Cranberries
15%
The Eagles
15%
The Neighbourhood
15%
The Smiths
15%
Tyler, The Creator
15%
Barbra Streisand
13%
Björk
13%
Daddy Yankee
13%
Destiny's Child
13%
Dire Straits
13%
Ice Spice
13%
Kelly Clarkson
13%
Kylie Minogue
13%
Lily Allen
13%
Lorde
13%
Louis Tomlinson
13%
Martin Garrix
13%
Nelly Furtado
13%
Niall Horan
13%
Pop Smoke
13%
The Beach Boys
13%
Wham!
13%
Deep Purple
11%
Gloria Gaynor
11%
Halsey
11%
J Balvin
11%
Kygo
11%
Leona Lewis
11%
Lewis Capaldi
11%
Little Mix
11%
Ludwig van Beethoven
11%
Maluma
11%
Martin Solveig
11%
Melanie Martinez
11%
Mick Jagger
11%
Mitski
11%
No Doubt
11%
RAYE
11%
Tame Impala
11%
Wolfgang Amadeus Mozart
11%
Anitta
9%
Billie Holiday
9%
Blink-182
9%
Charli XCX
9%
Clean Bandit
9%
Earth, Wind and Fire
9%
Evanescence
9%
Fleetwood Mac
9%
Frank Ocean
9%
James Arthur
9%
James Blunt
9%
Kungs
9%
Marshmello
9%
Normani
9%
NSYNC
9%
Panic! At the disco
9%
Pixies
9%
Simon and Garfunkel
9%
System of a Down
9%
Tate McRae
9%
t.A.T.u.
9%
The Killers
9%
The Kinks
9%
The Pussycat Dolls
9%
The Velvet Underground
9%
TWICE
9%
5 Seconds of Summer
7%
Alessia Cara
7%
Anne-Marie
7%
Antonio Vivaldi
7%
Childish Gambino
7%
Frédéric Chopin
7%
Jamiroquai
7%
Jean-Sébastien Bach
7%
Justice
7%
Kali Uchis
7%
Karol G
7%
Khalid
7%
Lauryn Hill
7%
Lou Reed
7%
Luis Fonsi
7%
Manu Chao
7%
Missy Elliott
7%
Owl City
7%
Rage Against the Machine
7%
Rauw Alejandro
7%
Shaka Ponk
7%
Stray Kids
7%
The Strokes
7%
Tokio Hotel
7%
Tove Lo
7%
Alesso
6%
Aqua
6%
Azealia Banks
6%
Becky G
6%
Gracie Abrams
6%
Kim Petras
6%
Labrinth
6%
MARINA
6%
Megan Thee Stalllion
6%
NewJeans
6%
Pearl Jam
6%
PinkPantheress
6%
Rita Ora
6%
Robyn
6%
Steve Lacy
6%
Tears for Fears
6%
The Kid Laroi
6%
The Ronettes
6%
Tiësto
6%
Tini
6%
Tones and I
6%
Zedd
6%
6ix9ine
4%
Bea Miller
4%
Diplo
4%
HAIM
4%
Itzy
4%
IVE
4%
Kim Wilde
4%
Lil Pump
4%
M83
4%
Machine Gun Kelly
4%
Maisie Peters
4%
NCT
4%
Petit Biscuit
4%
Robin Schulz
4%
The Mamas and the Papas
4%
Troye Sivan
4%
Aespa
2%
alt-J
2%
Anastacia
2%
AURORA
2%
BIBI
2%
Bring Me the Horizon
2%
Christine and the Queens
2%
Dove Cameron
2%
ENHYPEN
2%
(G)I-dle
2%
Jack Harlow
2%
Julia Michaels
2%
Keane
2%
King Crimson
2%
Latto
2%
Lil Yachty
2%
Loona
2%
Madison Beer
2%
Michael Bublé
2%
Phoebe Bridgers
2%
Red Velvet
2%
The Cardigans
2%
Tinashe
2%
TOMORROW X TOGETHER
2%
Tony Bennett
2%
Ty Dolla $ign
2%
Agnes Obel
0%
Bella Poarch
0%
Belle and Sebastian
0%
Caroline Polachek
0%
Clairo
0%
Halle Bailey
0%
Jon Batiste
0%
Kacey Musgraves
0%
Lizzy McAlpine
0%
Mamamoo
0%
Of Monsters and Men
0%
Omar Apollo
0%
Renée Rapp
0%
Rina Sawayama
0%
The National
0%
The Vamps
0%
Aucun quiz correspondant
Distribution des résultats
% des personnes avec chaque résultat
Percentile par nombre de réponses
Votre historique - résultats
Vous n’avez pas pris ce quiz depuis la dernière actualisation